000 00718nam a2200265Ia 4500
005 20250425161923.0
008 250425s9999 xx 000 0 und d
020 _a8487189938
041 _aspa
043 _asp
082 _a614
100 _aDRUMMOND, MICHAEL F.
245 0 _aMETODOS PARA LA EVALUACION ECONOMICA DE LOS PROGRAMAS DE ATENCION DE LA SALUD
250 _aS.E.
260 _aEspaƱa
_bEDICIONES DIAZ DE SANTOS, S.A.
_c1991
260 _aMADRID
300 _a231
650 _aANALISIS ECONOMICO
650 _aEVALUACION
650 _aPROGRAMAS-ESPECIFICACIONES TECNICAS
650 _aSERVICIOS DE SALUD
710 _aEDICIONES DIAZ DE SANTOS S.A.
942 _c01
010 _a34946
999 _c218861
_d218861